[Event "Katernberg 3- Unser Fritz"]
[Site "?"]
[Date "2023.02.26"]
[Round "5.2"]
[White "Struck, Lasse"]
[Black "Nowicki, Heiko"]
[Result "1-0"]
[WhiteElo "1933"]
[BlackElo "2064"]
[PlyCount "71"]
[SourceDate "2022.10.02"]

1. d4 g6 2. e4 Bg7 3. c4 d6 4. Nc3 Nc6 5. d5 Nd4 6. Be3 c5 7. Nge2 Qb6 8. Nxd4
cxd4 9. Na4 Qa5+ 10. Bd2 Qc7 11. Bd3 Nf6 12. Rc1 b6 13. b4 Ng4 14. c5 bxc5 15.
Bb5+ Bd7 16. Bxd7+ Qxd7 17. bxc5 Ne5 18. O-O O-O 19. c6 Qc8 20. Qe2 d3 21. Qe3
Qa6 22. Nc3 Ng4 23. Qg3 h5 24. h3 Be5 25. Bf4 Bxf4 26. Qxf4 Ne5 27. Qe3 f6 28.
f4 Nf7 29. Rfd1 g5 30. g3 Kh7 31. Qxd3 Qb6+ 32. Kh1 gxf4 33. gxf4 Rg8 34. Qf3
Kh6 35. Rg1 Qd4 36. Ne2 1-0

[Event "Katernberg 3- Unser Fritz"]
[Site "?"]
[Date "2023.02.26"]
[Round "5.3"]
[White "Rutz, Dirk"]
[Black "Krueger, Erich"]
[Result "1-0"]
[WhiteElo "2006"]
[BlackElo "2127"]
[PlyCount "89"]
[SourceDate "2022.10.02"]

1. c4 Nf6 2. Nc3 g6 3. g3 Bg7 4. Bg2 O-O 5. e4 d6 6. Nge2 c5 7. O-O Nc6 8. h3
Ne8 9. f4 f5 10. d3 Nc7 11. Be3 Ne6 12. exf5 gxf5 13. Qd2 Ned4 14. Rae1 Kh8 15.
Bf2 Rb8 16. Nxd4 Nxd4 17. Ne2 Nxe2+ 18. Rxe2 b5 19. cxb5 Rxb5 20. b3 Bb7 21. d4
Bxg2 22. Kxg2 Qc7 23. dxc5 dxc5 24. Rfe1 Qc6+ 25. Kh2 Bf6 26. Qd3 Rbb8 27. Qxf5
Bc3 28. Qxc5 Qxc5 29. Bxc5 Bxe1 30. Rxe1 Rfe8 31. Bxa7 Rbd8 32. Re2 Kg8 33. Bc5
Rd5 34. b4 e5 35. a4 e4 36. Kg2 Kf7 37. a5 Re6 38. g4 Rd3 39. f5 Re8 40. a6 Kf6
41. a7 Ke5 42. f6 Rf3 43. g5 h6 44. Rf2 Ke6 45. h4 1-0

[Event "Katernberg 3- Unser Fritz"]
[Site "?"]
[Date "2023.02.26"]
[Round "5.4"]
[White "Gallas, Noel"]
[Black "Jungbluth, Michael"]
[Result "1/2-1/2"]
[WhiteElo "1893"]
[BlackElo "2036"]
[PlyCount "56"]
[SourceDate "2022.10.02"]

1. e4 d6 2. d4 Nf6 3. Nc3 g6 4. Nf3 Bg7 5. Bg5 c6 6. Be2 b5 7. a3 O-O 8. O-O a6
9. e5 Nd5 10. exd6 Qxd6 11. Ne4 Qc7 12. Re1 Nd7 13. c4 N5f6 14. Nc3 Nb6 15.
cxb5 cxb5 16. Rc1 Qd8 17. Ne5 Bb7 18. Bf3 Nbd5 19. Nxd5 Nxd5 20. Bxe7 Qxe7 21.
Nc6 Qd6 22. Bxd5 Bxc6 23. Bxc6 Rac8 24. Bb7 Rxc1 25. Qxc1 Bxd4 26. Bf3 Qf6 27.
b3 Bb2 28. Qc5 Rd8 1/2-1/2

[Event "Katernberg 3- Unser Fritz"]
[Site "?"]
[Date "2023.02.26"]
[Round "5.5"]
[White "Mueller, Michael"]
[Black "Geerlings, Gerd"]
[Result "1/2-1/2"]
[WhiteElo "2066"]
[BlackElo "2320"]
[PlyCount "81"]
[SourceDate "2022.10.02"]

1. e4 c5 2. Nf3 Nf6 3. e5 Nd5 4. Nc3 e6 5. Nxd5 exd5 6. d4 Nc6 7. dxc5 Bxc5 8.
Qxd5 Qb6 9. Bc4 Bxf2+ 10. Ke2 O-O 11. Rf1 Bc5 12. Ng5 Nd4+ 13. Kd1 Ne6 14. Ne4
d6 15. exd6 Be3 16. Bd3 Bxc1 17. Rxc1 Bd7 18. Nf6+ gxf6 19. Qf5 Ng5 20. Qxd7
Ne6 21. Qa4 Ng7 22. Qh4 f5 23. g4 Qxd6 24. gxf5 f6 25. Kd2 Rac8 26. Rce1 Rfd8
27. Rf3 Qc6 28. Ke2 Re8+ 29. Re3 Rxe3+ 30. Kxe3 Qb6+ 31. Kd2 Qxb2 32. Re3 Qc3+
33. Ke2 Qc6 34. Qg3 Re8 35. Rxe8+ Qxe8+ 36. Kd2 Qd8 37. Qg4 b6 38. h4 h5 39.
Qe4 Qd7 40. Kc1 Kh7 41. Kb2 1/2-1/2

[Event "Katernberg 3- Unser Fritz"]
[Site "?"]
[Date "2023.02.26"]
[Round "5.6"]
[White "Sauer, Bernd"]
[Black "Mikulski, Georg"]
[Result "0-1"]
[WhiteElo "1865"]
[BlackElo "1999"]
[PlyCount "60"]
[SourceDate "2022.10.02"]

1. b4 d5 2. Bb2 e6 3. e3 Nf6 4. b5 Bd6 5. Nf3 O-O 6. Be2 c5 7. O-O Nbd7 8. d3
b6 9. Nbd2 Bb7 10. c4 Rc8 11. a4 Bb8 12. a5 Ng4 13. a6 Ba8 14. Qc2 f5 15. h3
Nge5 16. Nxe5 Nxe5 17. f4 Ng6 18. Nf3 Qe7 19. Rae1 d4 20. exd4 Nxf4 21. dxc5
Qxc5+ 22. Bd4 Qxb5 23. Bd1 Qd7 24. Qc3 Rfd8 25. Be5 Nxd3 26. Bxb8 Nxe1 27. Rxe1
Rxb8 28. Kh1 Rbc8 29. Ne5 Qd2 30. Qg3 f4 0-1

[Event "Katernberg 3- Unser Fritz"]
[Site "?"]
[Date "2023.02.26"]
[Round "5.7"]
[White "Deflieze, Ulrich"]
[Black "Blome, Simon"]
[Result "0-1"]
[WhiteElo "1882"]
[BlackElo "1913"]
[PlyCount "70"]
[SourceDate "2022.10.02"]

1. e4 c6 2. d4 d5 3. exd5 cxd5 4. c4 Nf6 5. Nc3 g6 6. h3 Bg7 7. Nf3 O-O 8. Be2
a6 9. b3 Nc6 10. O-O b6 11. Be3 Bb7 12. a3 e6 13. Rc1 Rc8 14. Re1 Re8 15. Bd3
Bf8 16. cxd5 Nxd5 17. Nxd5 Qxd5 18. Bc4 Qa5 19. Ra1 b5 20. b4 Qd8 21. Ba2 Ne7
22. Rc1 Rxc1 23. Qxc1 Bxf3 24. gxf3 Qa8 25. Kg2 Nf5 26. Qd1 Rd8 27. d5 exd5 28.
Bd4 Qc6 29. Re2 h5 30. Rc2 Qe6 31. Kf1 Nxd4 32. Qxd4 Qxh3+ 33. Ke1 Qxf3 34. Rc3
Qh1+ 35. Kd2 Bg7 0-1

[Event "Katernberg 3- Unser Fritz"]
[Site "?"]
[Date "2023.02.26"]
[Round "5.8"]
[White "Gehrmann, Ulrich"]
[Black "Lindstaedt, Erik"]
[Result "1-0"]
[WhiteElo "1972"]
[BlackElo "1477"]
[PlyCount "39"]
[SourceDate "2022.10.02"]

1. e4 d6 2. d4 Nf6 3. Nc3 g6 4. f4 Bg7 5. Nf3 c5 6. Bb5+ Nfd7 7. dxc5 dxc5 8.
e5 O-O 9. O-O a6 10. Bd3 Nc6 11. Be3 Nb4 12. a3 Nxd3 13. Qxd3 e6 14. Ne4 Qc7
15. Qd6 Qxd6 16. Nxd6 f6 17. Rad1 Rd8 18. Ne4 fxe5 19. Nxc5 exf4 20. Bxf4 1-0

[Event "Hamm- Eichlinghofen"]
[Site "?"]
[Date "2023.02.26"]
[Round "5.1"]
[White "Watzlawek, Markus"]
[Black "Frombach, Ralf"]
[Result "0-1"]
[WhiteElo "2101"]
[BlackElo "2199"]
[PlyCount "134"]
[SourceDate "2022.10.02"]

1. d4 Nf6 2. c4 e6 3. g3 c5 4. d5 exd5 5. cxd5 b5 6. e4 Nxe4 7. Qe2 Qe7 8. Bg2
Nd6 9. Be3 Na6 10. Nc3 g6 11. Nxb5 Nxb5 12. d6 Nxd6 13. Bxa8 Bg7 14. O-O-O O-O
15. Bf4 Qxe2 16. Nxe2 Nc4 17. Nc3 Bd4 18. Rhe1 Bxf2 19. Re7 Nb6 20. Bg2 Bd4 21.
Bh6 Bg7 22. Bxg7 Kxg7 23. Nd5 Nxd5 24. Bxd5 Kf6 25. Re3 Nc7 26. Bc4 Ne6 27. g4
Ke7 28. g5 Bb7 29. h4 h6 30. Red3 Bc6 31. Bd5 Bb5 32. Rc3 d6 33. Re1 hxg5 34.
hxg5 Kd7 35. Rb3 a6 36. a4 Bc6 37. Bxe6+ fxe6 38. Rb6 Kc7 39. a5 e5 40. Rxa6 e4
41. Rh1 e3 42. Rh7+ Bd7 43. Ra7+ Kc6 44. Raxd7 Rf1+ 45. Kc2 e2 46. Rde7 e1=Q
47. Rxe1 Rxe1 48. Rg7 Ra1 49. Rxg6 Rxa5 50. Rf6 Ra4 51. Kd3 Kd5 52. Rg6 Rg4 53.
Ke3 Rb4 54. Rg8 Rxb2 55. g6 Rg2 56. Kf4 Kd4 57. Kf5 d5 58. g7 c4 59. Kf6 Kc3
60. Rd8 d4 61. g8=Q Rxg8 62. Rxg8 d3 63. Ke5 d2 64. Rg1 Kd3 65. Rg3+ Ke2 66.
Rg2+ Ke3 67. Rg1 c3 0-1

[Event "Hamm- Eichlinghofen"]
[Site "?"]
[Date "2023.02.26"]
[Round "5.2"]
[White "Happel, Heiner"]
[Black "Brockmann, Michael"]
[Result "1-0"]
[WhiteElo "2220"]
[BlackElo "2107"]
[PlyCount "117"]
[SourceDate "2022.10.02"]

1. Nf3 c5 2. c4 Nc6 3. Nc3 g6 4. g3 Bg7 5. Bg2 e6 6. O-O Nge7 7. e3 d5 8. cxd5
exd5 9. d4 cxd4 10. Nxd4 Nxd4 11. exd4 h6 12. Qb3 Be6 13. Qxb7 O-O 14. Bf4 g5
15. Be3 Re8 16. Rfe1 Qd6 17. Qb3 Rab8 18. Qc2 Qb4 19. b3 Rbc8 20. Rac1 Bxd4 21.
Bxd4 Qxd4 22. Ne2 Qb6 23. Qb2 Nc6 24. Qf6 Kh7 25. Rcd1 Qd8 26. Qb2 Re7 27. Nd4
Nxd4 28. Qxd4 Rd7 29. Rd2 Kg6 30. Red1 Qf6 31. Bxd5 Rcd8 32. Be4+ Kg7 33. Qxf6+
Kxf6 34. Rxd7 Rxd7 35. Rxd7 Bxd7 36. Bd5 Be8 37. Kf1 Ke5 38. Bc4 f5 39. Ke2 Kd4
40. Kd2 a5 41. Bd3 f4 42. a3 h5 43. gxf4 gxf4 44. h4 Bd7 45. b4 axb4 46. axb4
Be8 47. b5 Kc5 48. Kc3 Bf7 49. b6 Kxb6 50. Kd4 Bb3 51. Be2 Kc6 52. Ke5 Kd7 53.
Bxh5 Ke7 54. Kxf4 Kf6 55. Bf3 Kg6 56. Ke5 Bc4 57. Bg4 Bd3 58. f4 Bc2 59. Bf5+
1-0

[Event "Hamm- Eichlinghofen"]
[Site "?"]
[Date "2023.02.26"]
[Round "5.3"]
[White "Schuette, Tobias"]
[Black "Dargel, Manuel"]
[Result "0-1"]
[WhiteElo "1858"]
[BlackElo "2175"]
[PlyCount "74"]
[SourceDate "2022.10.02"]

1. e4 c5 2. Nf3 e6 3. d3 Nc6 4. g3 b6 5. Bg2 Bb7 6. O-O Be7 7. Re1 d6 8. Nbd2
Qc7 9. Nf1 Nf6 10. c3 O-O 11. h4 Rac8 12. N1h2 Rfd8 13. Qc2 Ne5 14. Bg5 Nfg4
15. Nxe5 Nxe5 16. Rad1 Bxg5 17. hxg5 Qe7 18. f4 Nd7 19. Qe2 Rc7 20. Qh5 f6 21.
Nf3 fxg5 22. Nxg5 h6 23. Nh3 e5 24. g4 exf4 25. Nxf4 Nf6 26. Qg6 Qe8 27. Qxe8+
Rxe8 28. g5 hxg5 29. Nd5 Bxd5 30. exd5 Rce7 31. Kf1 Kf7 32. c4 Kg6 33. Rxe7
Rxe7 34. Bf3 g4 35. Be2 Kg5 36. Kf2 Kf4 37. Rg1 g3+ 0-1

[Event "Hamm- Eichlinghofen"]
[Site "?"]
[Date "2023.02.26"]
[Round "5.4"]
[White "Prueß, Wilfried"]
[Black "Dreier, Daniel"]
[Result "0-1"]
[WhiteElo "2113"]
[BlackElo "1898"]
[PlyCount "84"]
[SourceDate "2022.10.02"]

1. e4 e5 2. Nf3 d5 3. Nc3 dxe4 4. Nxe5 Bd6 5. Nc4 Nf6 6. Nxd6+ Qxd6 7. d4 Nc6
8. Be3 Bg4 9. Qd2 O-O-O 10. h3 Be6 11. O-O-O Nb4 12. a3 Nbd5 13. Nb5 Qb6 14. c4
Nxe3 15. fxe3 Kb8 16. c5 Qc6 17. Nc3 a6 18. g4 Bb3 19. Re1 Rhe8 20. Kb1 Qxc5
21. Rh2 Qd6 22. Qf2 c5 23. Ne2 Nd5 24. dxc5 Qxc5 25. Nd4 Qb6 26. Nxb3 Qxb3 27.
Qc2 Qb6 28. Qd2 Nxe3 29. Qxe3 Qxe3 30. Rxe3 Rd1+ 31. Kc2 Rxf1 32. Rhe2 Rf4 33.
Kc3 g6 34. g5 f5 35. gxf6 Rxf6 36. Kd4 Rd6+ 37. Kc5 Rde6 38. Kd5 Kc7 39. Rc3+
Kd7 40. Rce3 Rd6+ 41. Kc5 Rc8+ 42. Kb4 Rb6+ 0-1

[Event "Hamm- Eichlinghofen"]
[Site "?"]
[Date "2023.02.26"]
[Round "5.5"]
[White "Richter, Jan"]
[Black "Schmidt, Ingo"]
[Result "1/2-1/2"]
[WhiteElo "1812"]
[BlackElo "2017"]
[PlyCount "78"]
[SourceDate "2022.10.02"]

1. Nf3 b6 2. b3 Bb7 3. Bb2 e6 4. e3 Nf6 5. c4 c5 6. Nc3 d5 7. d4 cxd4 8. Qxd4
Nc6 9. Qd2 Bb4 10. a3 Ne4 11. Qc2 Bxc3+ 12. Bxc3 Nxc3 13. Qxc3 O-O 14. cxd5
exd5 15. Be2 Re8 16. Nd4 Qf6 17. Rd1 Rac8 18. Qa1 Nxd4 19. Qxd4 Qxd4 20. Rxd4
Rc3 21. Bd1 Rec8 22. Kd2 Kf8 23. h4 Rc1 24. Rh3 Ra1 25. a4 a5 26. Rf3 Rcc1 27.
Bc2 h6 28. Rff4 Re1 29. Kc3 Ra2 30. Bd1 Ke7 31. Rd2 Rxd2 32. Kxd2 Rg1 33. g4 g5
34. hxg5 hxg5 35. Rd4 Kd6 36. Be2 Rg2 37. Ke1 Rg1+ 38. Kd2 Rg2 39. Ke1 Rg1+
1/2-1/2

[Event "Hamm- Eichlinghofen"]
[Site "?"]
[Date "2023.02.26"]
[Round "5.6"]
[White "Paduch, Alexander"]
[Black "Grewe, Markus"]
[Result "1-0"]
[WhiteElo "1995"]
[BlackElo "1688"]
[PlyCount "59"]
[SourceDate "2022.10.02"]

1. e4 c5 2. Nf3 Nc6 3. d4 cxd4 4. Nxd4 g6 5. c4 Bg7 6. Be3 Nf6 7. Nc3 O-O 8.
Be2 b6 9. O-O Nxd4 10. Bxd4 Bb7 11. Qd3 d6 12. Rac1 Qc8 13. Rfd1 Rd8 14. b3 Qe6
15. Bf3 Nd7 16. Bxg7 Kxg7 17. Qd4+ Qf6 18. Qxf6+ Nxf6 19. e5 Bxf3 20. exf6+
exf6 21. gxf3 h5 22. Rd2 h4 23. h3 Rac8 24. Rcd1 Rc6 25. Nb5 Rc5 26. Nxd6 Rg5+
27. Kf1 Rh8 28. Rd5 f5 29. Re1 Rhh5 30. f4 1-0

[Event "Hamm- Eichlinghofen"]
[Site "?"]
[Date "2023.02.26"]
[Round "5.7"]
[White "Keku, Helidon"]
[Black "Klaus, Michael"]
[Result "0-1"]
[WhiteElo "1667"]
[BlackElo "1939"]
[PlyCount "68"]
[SourceDate "2022.10.02"]

1. g3 c6 2. Bg2 Nf6 3. d3 g6 4. e4 Bg7 5. Ne2 O-O 6. O-O d6 7. Nbc3 Nbd7 8. h3
Nb6 9. f4 e6 10. Be3 Qc7 11. Qd2 a6 12. Rab1 Bd7 13. b3 c5 14. f5 exf5 15. exf5
Bxf5 16. Rxf5 gxf5 17. Bh6 Ne8 18. Rf1 Bxh6 19. Qxh6 Ng7 20. Nd5 Nxd5 21. Bxd5
Qe7 22. Nf4 Rae8 23. Rf2 Qe5 24. c4 b5 25. Qg5 Kh8 26. Qh4 Qd4 27. Kg2 Re3 28.
Qh6 Ree8 29. Qxd6 Ne6 30. Ne2 Qe3 31. Bxe6 fxe6 32. Nf4 Rg8 33. Nh5 Rg6 34. Rf3
Qe2+ 0-1

[Event "Hamm- Eichlinghofen"]
[Site "?"]
[Date "2023.02.26"]
[Round "5.8"]
[White "Weimer, Eduard"]
[Black "Stede, Joachim"]
[Result "1-0"]
[WhiteElo "2094"]
[BlackElo "1643"]
[PlyCount "61"]
[SourceDate "2022.10.02"]

1. e4 e6 2. d4 b6 3. Nc3 Bb7 4. Bd3 Bb4 5. Nge2 Nf6 6. a3 Bxc3+ 7. Nxc3 h6 8.
e5 Nd5 9. Qg4 g5 10. Ne4 f5 11. exf6 Nxf6 12. Qf3 Bxe4 13. Bxe4 d5 14. Bg6+ Kd7
15. O-O Rg8 16. Bd3 Qe7 17. c4 Nc6 18. Be3 Raf8 19. Rac1 Kd8 20. Qe2 Nb8 21.
Rc2 Rf7 22. Re1 h5 23. f3 Qd6 24. Bf2 Re7 25. Bg3 Qd7 26. Qe5 h4 27. Qxf6 hxg3
28. hxg3 Kc8 29. cxd5 Ree8 30. dxe6 Qd6 31. Qe5 1-0

[Event "Waltrop- Ahlen"]
[Site "?"]
[Date "2023.02.26"]
[Round "5.1"]
[White "Huckebrink, Chris"]
[Black "Eckert, Marius"]
[Result "0-1"]
[WhiteElo "2096"]
[BlackElo "2114"]
[Annotator "daniel"]
[PlyCount "242"]
[SourceDate "2022.10.02"]

1. e4 e5 2. Bc4 Nf6 3. Nc3 Nc6 4. d3 Bc5 5. f4 d6 6. Nf3 exf4 7. Bxf4 Be6 8.
Bxe6 fxe6 9. d4 Bb4 10. Qd3 O-O 11. O-O Qe7 12. e5 dxe5 13. Bxe5 Rad8 14. Bxf6
Qxf6 15. Ne4 Qh6 16. c3 Bd6 17. Nxd6 cxd6 18. d5 Ne5 19. Nxe5 Rxf1+ 20. Rxf1
dxe5 21. d6 Qg5 22. d7 Qe7 23. Rd1 e4 24. Qd4 h6 25. h3 a6 26. a4 e3 27. Qxe3
Rxd7 28. Re1 Rd6 29. Qc5 Qd7 30. Qe5 Rd1 31. Rxd1 Qxd1+ 32. Kh2 Qb3 33. a5 Kf7
34. Qc7+ Kg6 35. Qd6 Kf7 36. Qd7+ Kg8 37. h4 Qc4 38. Kh3 Qe4 39. Kg3 Kh7 40.
Qd4 Qf5 41. b4 e5 42. Qg4 Qd3+ 43. Qf3 Qg6+ 44. Kf2 Qc2+ 45. Kg3 Qg6+ 46. Kh2
e4 47. Qe3 Qg4 48. g3 Qe6 49. Kg1 Kh8 50. Kf2 Qf7+ 51. Ke1 Qc7 $11 52. Kd2 Qc4
53. Qd4 Qa2+ 54. Ke3 Qg2 55. Qxe4 Qxg3+ 56. Kd4 Qd6+ 57. Qd5 Qf4+ 58. Kd3 Qg3+
59. Kc2 Qc7 60. h5 Kh7 61. Qf5+ Kg8 62. Kd3 Qd6+ 63. Ke4 Qc7 64. Qe6+ Kh8 65.
c4 Qh2 66. Qe8+ Kh7 67. Qg6+ Kg8 68. Qe8+ Kh7 69. Qe5 Qg2+ 70. Kd3 Qf3+ 71. Kd4
Qd1+ 72. Kc5 Qd7 73. Qe4+ Kh8 74. Kb6 Qd6+ 75. Kxb7 Qxb4+ 76. Kxa6 Qd6+ 77. Kb5
Qd7+ 78. Qc6 Qf5+ 79. Qd5 Qb1+ 80. Kc6 Qb8 81. a6 Qa8+ 82. Kb5 Qe8+ 83. Qc6
Qxh5+ 84. Kb6 Qe2 85. a7 Qe3+ 86. Kb7 Qe7+ 87. Kb8 Qb4+ 88. Kc8 Qf8+ 89. Kc7
Qe7+ 90. Qd7 Qc5+ 91. Kd8 Qb6+ 92. Qc7 Qf6+ 93. Kd7 Qf7+ 94. Kc6 Qxc4+ 95. Kb7
Qb5+ 96. Kc8 Qa6+ 97. Qb7 Qe6+ 98. Kb8 Qe5+ 99. Ka8 Qe6 100. Qc7 Qd5+ 101. Kb8
Qb5+ 102. Kc8 Qa6+ 103. Kd7 Qb5+ 104. Qc6 Qf5+ 105. Ke7 Qe5+ 106. Kf8 Qf4+ 107.
Ke7 Qe3+ 108. Kf7 Qxa7+ 109. Kg6 Qg1+ 110. Kf7 Qf2+ 111. Kg6 Qg3+ 112. Kf7 Qf4+
113. Kg6 Qg5+ 114. Kf7 Qf5+ 115. Ke7 h5 116. Qh1 Qf6+ 117. Ke8 h4 118. Qh3 Kh7
119. Kd7 Kh6 120. Qg4 g6 121. Ke8 Qe5+ 0-1

[Event "Waltrop- Ahlen"]
[Site "?"]
[Date "2023.02.26"]
[Round "5.2"]
[White "Gasper, Joern"]
[Black "Steinle, Carsten"]
[Result "1-0"]
[WhiteElo "2057"]
[BlackElo "2082"]
[PlyCount "101"]
[SourceDate "2022.10.02"]

1. d4 b6 2. e4 Bb7 3. Bd3 e6 4. Nf3 Nf6 5. Qe2 c5 6. d5 exd5 7. exd5+ Qe7 8. c4
Qxe2+ 9. Bxe2 Be7 10. Nc3 O-O 11. O-O a6 12. a4 d6 13. h3 Nbd7 14. Bf4 Rad8 15.
Rfe1 Rfe8 16. Bd3 Nf8 17. g4 Ng6 18. Bg3 Bf8 19. Bf1 Bc8 20. Nd2 Rxe1 21. Rxe1
Re8 22. Rxe8 Nxe8 23. f4 f5 24. g5 Ne7 25. a5 bxa5 26. Nb3 g6 27. Nxa5 Bg7 28.
Na4 Nc7 29. Be1 Na8 30. Bc3 Bxc3 31. Nxc3 Nb6 32. Bd3 Kf7 33. Bc2 Bd7 34. h4
Ke8 35. Na2 Bc8 36. b4 cxb4 37. Nxb4 Kd7 38. Kf2 Kc7 39. Ke3 Bb7 40. Kd4 Nd7
41. Nd3 Ba8 42. Ba4 Nb6 43. Be8 Nd7 44. Bxd7 Kxd7 45. Nb4 Kc7 46. c5 dxc5+ 47.
Kxc5 Kd7 48. Nc4 Bb7 49. Ne5+ Kd8 50. Nf7+ Kd7 51. d6 1-0

[Event "Waltrop- Ahlen"]
[Site "?"]
[Date "2023.02.26"]
[Round "5.3"]
[White "Torres- Kuckel, Rafael"]
[Black "Winterberg, Andreas"]
[Result "1-0"]
[WhiteElo "2096"]
[BlackElo "1991"]
[PlyCount "127"]
[SourceDate "2022.10.02"]

1. e4 e5 2. Nf3 Nc6 3. Bb5 a6 4. Ba4 Nf6 5. d4 exd4 6. O-O Be7 7. e5 Ne4 8.
Nxd4 O-O 9. Nf5 d5 10. Nxe7+ Nxe7 11. c3 Nc5 12. Bc2 Bf5 13. Bg5 Bxc2 14. Qxc2
Ne4 15. Bh4 Qd7 16. Nd2 Nxd2 17. Qxd2 Nf5 18. Bg5 Rfe8 19. Bf4 Rad8 20. Rad1
Qe6 21. h3 c5 22. Bg5 Rd7 23. g4 Ne7 24. Bxe7 Qxe7 25. Rfe1 Red8 26. f4 d4 27.
c4 b5 28. b3 bxc4 29. bxc4 Rb7 30. Rb1 Rdb8 31. Qc2 Qh4 32. Kg2 h5 33. Rxb7
Rxb7 34. Qf2 Qxf2+ 35. Kxf2 hxg4 36. hxg4 Rb4 37. Rc1 Rb2+ 38. Kf3 Rxa2 39. Ke4
Kf8 40. Kd5 d3 41. Kxc5 Ke7 42. Rd1 Rf2 43. f5 Rf4 44. Rxd3 Rxg4 45. Kd5 Kd7
46. Rf3 Rg1 47. e6+ Ke7 48. exf7 Kxf7 49. c5 Ke7 50. Kc6 Rb1 51. Kc7 a5 52. c6
a4 53. Ra3 Rb4 54. Kc8 Rc4 55. c7 Kf6 56. Rf3 Rc1 57. Rg3 Kxf5 58. Rxg7 a3 59.
Rg2 Ke4 60. Rd2 Ke3 61. Ra2 Rc3 62. Kd8 Rd3+ 63. Ke7 Rc3 64. Rxa3 1-0

[Event "Waltrop- Ahlen"]
[Site "?"]
[Date "2023.02.26"]
[Round "5.4"]
[White "Drewes, Martin"]
[Black "Volesky, Alexander"]
[Result "1-0"]
[WhiteElo "1942"]
[BlackElo "2073"]
[PlyCount "73"]
[SourceDate "2022.10.02"]

1. e4 c5 2. c3 d6 3. Nf3 Nf6 4. Bc4 Nc6 5. d3 a6 6. a4 Bg4 7. Bf4 e6 8. O-O Be7
9. h3 Bh5 10. Nbd2 O-O 11. Bb3 d5 12. g4 Bg6 13. Bc2 h5 14. e5 Nh7 15. d4 hxg4
16. hxg4 cxd4 17. Nxd4 Nxd4 18. cxd4 Bxc2 19. Qxc2 Qb6 20. Qd3 Rfc8 21. Nb3 Rc6
22. Kg2 Nf8 23. Bd2 Ng6 24. Rh1 Bb4 25. Be3 Rac8 26. Rab1 Rc4 27. Kg3 Kf8 28.
f4 Ke8 29. Rh7 Bf8 30. f5 exf5 31. gxf5 Ne7 32. Nc5 Nc6 33. b3 Rb4 34. Rh8 Qc7
35. Kg2 Qe7 36. Qd2 Qc7 37. e6 1-0

[Event "Waltrop- Ahlen"]
[Site "?"]
[Date "2023.02.26"]
[Round "5.5"]
[White "Woestmann, Ulrich"]
[Black "Breidenbach, Rolf"]
[Result "1/2-1/2"]
[WhiteElo "1992"]
[BlackElo "1914"]
[PlyCount "150"]
[SourceDate "2022.10.02"]

1. e4 d5 2. exd5 Nf6 3. d4 Nxd5 4. Nf3 g6 5. Nc3 Bg7 6. Nxd5 Qxd5 7. c4 Qd8 8.
Be3 O-O 9. Qb3 a5 10. Rd1 a4 11. Qc2 Nc6 12. Be2 Bf5 13. Qd2 e5 14. d5 Ne7 15.
Bh6 f6 16. Bxg7 Kxg7 17. O-O Qd6 18. Qc3 b6 19. Rfe1 Rae8 20. h3 Kg8 21. b4
axb3 22. axb3 Ra8 23. b4 Qd8 24. c5 bxc5 25. bxc5 Kg7 26. Bc4 Nc8 27. Bd3 Bxd3
28. Rxd3 Rf7 29. Nh2 Rd7 30. Red1 h5 31. Nf1 Ra7 32. Ne3 Qe7 33. Nc2 Kh7 34.
Nb4 Qf7 35. Nc6 Ra4 36. Qb3 Rf4 37. Qb8 Ne7 38. Nxe7 Qxe7 39. d6 cxd6 40. Rxd6
Rb7 41. Qc8 Rd4 42. R1xd4 exd4 43. Re6 Qc7 44. Qxc7+ Rxc7 45. c6 Ra7 46. Rxf6
Ra1+ 47. Kh2 Rc1 48. Rd6 d3 49. Rxd3 Rxc6 50. Kg3 Kh6 51. f3 Rb6 52. Re3 Ra6
53. Kf4 Rb6 54. g4 hxg4 55. hxg4 Rf6+ 56. Kg3 g5 57. Kf2 Kg6 58. Ke2 Ra6 59.
Rd3 Re6+ 60. Kd2 Kf6 61. Rd5 Ra6 62. Ke3 Ra3+ 63. Ke4 Ra4+ 64. Rd4 Ra6 65. f4
gxf4 66. Kxf4 Rb6 67. Kg3 Ra6 68. Kh4 Kg6 69. Rd8 Rb6 70. Rg8+ Kh7 71. Rg5 Kh6
72. Rd5 Kg6 73. Rd4 Ra6 74. Kg3 Rb6 75. Kf4 Ra6 1/2-1/2

[Event "Waltrop- Ahlen"]
[Site "?"]
[Date "2023.02.26"]
[Round "5.6"]
[White "Atali, Dogukan"]
[Black "Busche, Klaus"]
[Result "1/2-1/2"]
[WhiteElo "1829"]
[BlackElo "1957"]
[Annotator "daniel"]
[PlyCount "143"]
[SourceDate "2022.10.02"]

1. e4 d6 2. d4 Nf6 3. Nc3 e5 4. Nf3 Nbd7 5. Bc4 Be7 6. O-O O-O 7. h3 a6 8. a4
b6 9. Qe2 c6 10. Rd1 Qc7 11. Bg5 Bb7 12. b4 h6 13. Bh4 Rfe8 14. dxe5 dxe5 15.
Rab1 b5 $11 16. Bd3 Nh5 17. Bxe7 Nf4 18. Qf1 Rxe7 19. g3 Ne6 20. Ra1 Ree8 21.
Ne2 Nb6 22. a5 Na4 23. Ra2 Rad8 24. c3 c5 25. Rad2 Qe7 26. Nxe5 cxb4 27. Bxb5
axb5 28. Rd7 Qc5 29. Nxf7 Rxd7 30. Rxd7 Bc6 31. cxb4 Qxb4 32. Rd6 Rc8 33. Nxh6+
gxh6 34. Rxe6 Bxe4 35. f3 Bd3 36. Qa1 Qb2 37. Qxb2 Nxb2 38. Nd4 Kg7 39. Rb6 Ra8
40. a6 Nc4 41. Rb7+ Kg6 42. a7 Na5 43. Rb6+ Kh7 44. Ra6 Nb3 45. Kf2 Bc4 46. Nf5
Nc5 47. Rxh6+ Kg8 48. Nd6 Rxa7 49. Nxc4 bxc4 50. Rc6 Ra5 51. Ke2 c3 52. Kd1 Na4
53. Kc2 Rb5 54. Rc4 Rb2+ 55. Kc1 Ra2 56. h4 Ra1+ 57. Kc2 Nb6 58. Rxc3 Nd5 59.
Rc8+ Kg7 60. Kd3 Nf6 61. Rc7+ Kg6 62. Rc6 Ra3+ 63. Ke2 Ra2+ 64. Ke3 Ra3+ 65.
Kf4 Ra4+ 66. Ke5 Ra5+ 67. Ke6 Ra3 68. h5+ Nxh5 69. Ke7+ Kg7 70. Rc5 Re3+ 71.
Kd6 Rxf3 72. Rxh5 1/2-1/2

[Event "Waltrop- Ahlen"]
[Site "?"]
[Date "2023.02.26"]
[Round "5.7"]
[White "Starp, Klaus"]
[Black "Sehrbrock, Christoph"]
[Result "1-0"]
[WhiteElo "1978"]
[BlackElo "1970"]
[PlyCount "71"]
[SourceDate "2022.10.02"]

1. e4 c6 2. d4 d5 3. Nc3 dxe4 4. Nxe4 Nf6 5. Nxf6+ gxf6 6. Bc4 Bf5 7. c3 e6 8.
Ne2 Bd6 9. Bf4 Be4 10. f3 Bg6 11. Qd2 h5 12. O-O-O Qc7 13. Rhe1 Nd7 14. Bxd6
Qxd6 15. Nf4 Bf5 16. g3 O-O-O 17. Bd3 Bxd3 18. Qxd3 h4 19. Qd2 hxg3 20. hxg3
Nb6 21. b3 Nd5 22. Nxd5 cxd5 23. f4 Rdg8 24. Re3 Kb8 25. Kb2 Rh3 26. Rg1 Rgh8
27. Re2 Qf8 28. g4 Qh6 29. g5 fxg5 30. fxg5 Qg6 31. Rf1 Rg8 32. Qf4+ Kc8 33.
Qxf7 Rg7 34. Qxe6+ Qxe6 35. Rxe6 Rxg5 36. Rf7 1-0

[Event "Waltrop- Ahlen"]
[Site "?"]
[Date "2023.02.26"]
[Round "5.8"]
[White "Schmidt, Sebastian"]
[Black "Jaeger, Niklas"]
[Result "0-1"]
[WhiteElo "1731"]
[BlackElo "1750"]
[PlyCount "102"]
[SourceDate "2022.10.02"]

1. e4 e6 2. d4 d5 3. Nd2 dxe4 4. Nxe4 Nd7 5. Nf3 Ngf6 6. Nxf6+ Nxf6 7. Bd3 Be7
8. O-O O-O 9. Qe2 b6 10. Re1 Bb7 11. c3 c5 12. dxc5 Bxc5 13. Bg5 Be7 14. Rad1
Qc7 15. Ne5 Rad8 16. Bb1 Rxd1 17. Rxd1 Rd8 18. Re1 Qd6 19. Bxf6 Bxf6 20. Bxh7+
Kxh7 21. Qh5+ Kg8 22. Qxf7+ Kh8 23. Qh5+ Kg8 24. Qf7+ Kh8 25. Ng6+ Kh7 26. h4
Qd5 27. Nf4 Qd2 28. Rf1 Qxf4 29. Qxb7 Qxh4 30. g3 Qg4 31. Kg2 Rd5 32. Rh1+ Kg6
33. Re1 Rh5 34. Rh1 Rxh1 35. Kxh1 Qd1+ 36. Kh2 Qe2 37. Kg2 Qxb2 38. Qe4+ Kh6
39. Qxe6 Qxc3 40. Qh3+ Kg6 41. Qg4+ Kf7 42. Qd7+ Be7 43. Qxa7 Qa5 44. Qb7 Ke6
45. Qc6+ Bd6 46. Qc4+ Qd5+ 47. Qxd5+ Kxd5 48. Kf3 Kc4 49. Ke4 b5 50. f4 b4 51.
Kf5 Bc5 0-1

[Event "Gladbeck- Rüttenscheid"]
[Site "?"]
[Date "2023.02.26"]
[Round "5.1"]
[White "Michalek, Christoph"]
[Black "Hassenrueck, Helmut"]
[Result "1/2-1/2"]
[WhiteElo "2183"]
[BlackElo "2153"]
[PlyCount "77"]
[SourceDate "2022.10.02"]

1. d4 Nf6 2. Nf3 d5 3. Bf4 c5 4. e3 Nc6 5. c3 Qb6 6. Qb3 c4 7. Qc2 Bf5 8. Qc1
h6 9. h3 e6 10. Nbd2 Be7 11. Be2 O-O 12. O-O Rfc8 13. Re1 Qd8 14. Bd1 b5 15.
Bc2 a5 16. a3 b4 17. axb4 axb4 18. Rxa8 Rxa8 19. Ne5 Nxe5 20. dxe5 Nd7 21. e4
Bh7 22. exd5 exd5 23. Bxh7+ Kxh7 24. Rd1 bxc3 25. Qxc3 Kg8 26. b3 Ra3 27. Qd4
cxb3 28. Qxd5 b2 29. Nc4 Ra1 30. Nxb2 Rxd1+ 31. Qxd1 Bc5 32. Nc4 Qh4 33. Qf3 g5
34. e6 fxe6 35. Ne5 Qxf4 36. Qxf4 gxf4 37. Nxd7 Bd4 38. Kf1 Kf7 39. Nb8 1/2-1/2